000 00910nam a22002417a 4500
008 081201t xxu||||| |||| 00| 0 eng d
010 _aENG-91928
020 _a9788172734640
_c375.00
035 _aEN-75461
037 _bDBAD / PUB
040 _adpl
_bEnglish
082 _a301.0954
100 _aRavindranath, P.K.
245 _aContemporary issues:
_cby P.K. Ravindranath
_b(for students of journalism) /
260 _aDelhi
_bAuthorspress
_c2008
270 _aE-35/103, Jawahar Park, Laxmi Nagar,
_bDelhi
_e110092
300 _aviii, 144p.
_c23cm (Hb)
500 _aIncluses index
650 _aSocial sciences
_zIndia.
651 _aIndia
_ySocial conditions
942 _2ddc
_cEN
_mRAV
_h301.0954
999 _c19307
_d19307